Catálogo
 En Linea

Les marrons du syllabaire : (Registro nro. 18538)

Detalles MARC
000 -CABECERA
campo de control de longitud fija 01022cam a2200253 a 4500
001 - NÚMERO DE CONTROL
campo de control 000019020
005 - FECHA Y HORA DE LA ÚLTIMA TRANSACCIÓN
campo de control 20200929165914.0
008 - DATOS DE LONGITUD FIJA--INFORMACIÓN GENERAL
campo de control de longitud fija 891205s1988 ht a b 000 0 fre d
040 ## - FUENTE DE LA CATALOGACIÓN
Centro catalogador/agencia de origen DO-SdBNP
Lengua de catalogación fre
Centro/agencia transcriptor LC
Centro/agencia modificador BNPHU
050 00 - SIGNATURA TOPOGRÁFICA DE LA BIBLIOTECA DEL CONGRESO
Número de clasificación LA491
Número de documento/Ítem .F67 1988
082 ## - NÚMERO DE LA CLASIFICACIÓN DECIMAL DEWEY
Número de clasificación nn*
Número de documento/Ítem F763m
049 ## - FONDOS LOCALES (OCLC)
Fondos de biblioteca BNGR
100 1# - ENTRADA PRINCIPAL--NOMBRE DE PERSONA
Nombre de persona Fouchard, Jean,
Fechas asociadas al nombre 1912-
9 (RLIN) 40921
245 14 - MENCIÓN DE TÍTULO
Título Les marrons du syllabaire :
Resto del título quelques aspects du probleme de l'instruction et de l'education des esclaves et affranchis de Saint-Domingue /
Mención de responsabilidad, etc. Jean Fouchard ; prólogo Dr. Price-Mars.
260 ## - PUBLICACIÓN, DISTRIBUCIÓN, ETC.
Lugar de publicación, distribución, etc. Port-au-Prince, Haiti :
Nombre del editor, distribuidor, etc. Henri Deschamps,
Fecha de publicación, distribución, etc. 1988.
300 ## - DESCRIPCIÓN FÍSICA
Extensión 139 p. :
Otras características físicas il. ;
Dimensiones 22 cm.
490 1# - MENCIÓN DE SERIE
Mención de serie Regards sur le temps passe ;
Designación de volumen o secuencia 2
504 ## - NOTA DE BIBLIOGRAFÍA, ETC.
Nota de bibliografía, etc. Referencias bibliográficas p. 122-137.
650 #0 - PUNTO DE ACCESO ADICIONAL DE MATERIA--TÉRMINO DE MATERIA
Término de materia o nombre geográfico como elemento de entrada Maroons
Subdivisión general Education
Subdivisión geográfica Haiti
Subdivisión general History.
9 (RLIN) 40922
650 #0 - PUNTO DE ACCESO ADICIONAL DE MATERIA--TÉRMINO DE MATERIA
Término de materia o nombre geográfico como elemento de entrada Slaves
Subdivisión general Education
Subdivisión geográfica Hispaniola
Subdivisión general History
Subdivisión cronológica 18th century.
9 (RLIN) 40923
650 #0 - PUNTO DE ACCESO ADICIONAL DE MATERIA--TÉRMINO DE MATERIA
Término de materia o nombre geográfico como elemento de entrada Literacy
Subdivisión general Social aspects
Subdivisión geográfica Haiti
Subdivisión general History.
9 (RLIN) 40924
700 1# - PUNTO DE ACCESO ADICIONAL--NOMBRE DE PERSONA
Nombre de persona Price Mars,
Término indicativo de función/relación pról.
9 (RLIN) 40925
910 ## - DATOS DE OPCIÓN DEL USUARIO (OCLC)
Datos de opción del usuario Catalogación derivada / LC
Existencias
Estado de retiro Estado de pérdida Restricciones de uso No para préstamo Código de colección Localización permanente Ubicación/localización actual Ubicación en estantería Fecha de adquisición Número de inventario Total de préstamos Signatura topográfica completa Código de barras Fecha visto por última vez Precio válido a partir de Tipo de ítem Koha
      Excluido de préstamo Monografías: Libros y Folletos General General En catalogación 21.05.2010 LF1   nn* F763m 19020-10 25.06.2020 25.06.2020 No se presta

Con tecnología Koha